00647nam a22002177a 4500003000500000005001700005008004100022010001000063011001000073035001000083040000900093082002000102111009400122245001300216260003000229300001800259650003300277650003000310650002400340710006500364CHAP20220329134820.0971013s r 10010 d a26389 a27361 a31462 cCHAP a510.78bC6 197100aConferencia Internacional sobre Sistemas, Redes y Computadoras (d1971c: Oaxtepec, Mor.) aMemorias a(s.l.) :b(s.e.),c(s.a.) a2 v.b: ilus.14aCalculadoras electrónicas.14aIngeniería eléctrica.14aRedes eléctricas.0 aInstitute of Electrical and Electronics Engineers. New York.